Outlines of the philosophy of right / (Record no. 220)

MARC details
000 -LEADER
fixed length control field 01338cam a22003494a 4500
001 - CONTROL NUMBER
control field 15131415
005 - DATE AND TIME OF LATEST TRANSACTION
control field 20200421093822.0
008 - FIXED-LENGTH DATA ELEMENTS--GENERAL INFORMATION
fixed length control field 080108s2008 enk b 001 0 eng
010 ## - LIBRARY OF CONGRESS CONTROL NUMBER
LC control number 2008000395
020 ## - INTERNATIONAL STANDARD BOOK NUMBER
International Standard Book Number 9780192806109
040 ## - CATALOGING SOURCE
Original cataloging agency DLC
Transcribing agency DLC
Modifying agency DLC
041 1# - LANGUAGE CODE
Language code of text/sound track or separate title eng
Language code of original ger
050 00 - LIBRARY OF CONGRESS CALL NUMBER
Classification number K230.H43
Item number G7813 2008
082 00 - DEWEY DECIMAL CLASSIFICATION NUMBER
Classification number 340/.11
Edition information 22
100 1# - MAIN ENTRY--PERSONAL NAME
Personal name Hegel, Georg Wilhelm Friedrich,
Dates associated with a name 1770-1831.
240 10 - UNIFORM TITLE
Uniform title Grundlinien der Philosophie des Rechts.
Language of a work English
245 10 - TITLE STATEMENT
Title Outlines of the philosophy of right /
Statement of responsibility, etc. [G.W.F. Hegel] ; translated by T.M. Knok ; revised, edited, and introduced by Stephen Houlgate.
260 ## - PUBLICATION, DISTRIBUTION, ETC.
Place of publication, distribution, etc. Oxford [UK] ;
-- New York :
Name of publisher, distributor, etc. Oxford University Press,
Date of publication, distribution, etc. 2008.
300 ## - PHYSICAL DESCRIPTION
Extent xlv, 374 p. ;
Dimensions 20 cm.
490 0# - SERIES STATEMENT
Series statement Oxford world's classics
504 ## - BIBLIOGRAPHY, ETC. NOTE
Bibliography, etc. note Includes bibliographical references (p. xxxix-xlii) and index.
650 #0 - SUBJECT ADDED ENTRY--TOPICAL TERM
Topical term or geographic name entry element Law
General subdivision Philosophy.
9 (RLIN) 1011
650 #0 - SUBJECT ADDED ENTRY--TOPICAL TERM
Topical term or geographic name entry element Natural law.
9 (RLIN) 1012
650 #0 - SUBJECT ADDED ENTRY--TOPICAL TERM
Topical term or geographic name entry element State, The.
9 (RLIN) 1013
650 #0 - SUBJECT ADDED ENTRY--TOPICAL TERM
Topical term or geographic name entry element Political science.
650 #0 - SUBJECT ADDED ENTRY--TOPICAL TERM
Topical term or geographic name entry element Ethics.
9 (RLIN) 460
700 1# - ADDED ENTRY--PERSONAL NAME
Personal name Houlgate, stephen.
9 (RLIN) 288
856 41 - ELECTRONIC LOCATION AND ACCESS
Materials specified Table of contents only
Uniform Resource Identifier <a href="http://www.loc.gov/catdir/toc/ecip088/2008000395.html">http://www.loc.gov/catdir/toc/ecip088/2008000395.html</a>
906 ## - LOCAL DATA ELEMENT F, LDF (RLIN)
a 7
b cbc
c orignew
d 1
e ecip
f 20
g y-gencatlg
942 ## - ADDED ENTRY ELEMENTS (KOHA)
Source of classification or shelving scheme Dewey Decimal Classification
Koha item type Books
Holdings
Withdrawn status Lost status Damaged status Not for loan Collection Home library Current library Shelving location Date acquired Barcode Date last seen Price effective from Koha item type
        Reference Centerville Centerville General stacks 09/04/2014 39999000009453 09/04/2014 09/04/2014 Books
        Reference Fairview Fairview General stacks 09/04/2014 39999000009439 09/04/2014 09/04/2014 Books